[Rezension von: Föllmer, Moritz, Die Verteidigung der bürgerlichen Nation]
Saved in:
| Published in: | Sehepunkte 4(2004), 3 |
|---|---|
| Main Author: | |
| Document Type: | Online Resource Article |
| Language: | German |
| Published: |
2004
|
| Subjects: | |
| Online Access: | Volltext |
| Related Items: | In:
Sehepunkte Rezension von: Die Verteidigung der bürgerlichen Nation |
| Author Notes: | [rezensiert von] Manfred Hettling |
| LEADER | 01545caa a2200337 c 4500 | ||
|---|---|---|---|
| 001 | 50073478X | ||
| 003 | DE-627 | ||
| 005 | 20220627095246.0 | ||
| 007 | cr uuu---uuuuu | ||
| 008 | 051006s2004 xx |||||oo 00| ||ger c | ||
| 035 | |a (DE-627)50073478X | ||
| 035 | |a (DE-576)9500734788 | ||
| 035 | |a (DE-599)GBV50073478X | ||
| 040 | |a DE-627 |b ger |c DE-627 |e rakwb | ||
| 041 | |a ger | ||
| 100 | 1 | |a Hettling, Manfred |d 1956- |0 (DE-588)120529688 |0 (DE-627)080731007 |0 (DE-576)166538361 |4 aut | |
| 245 | 1 | 0 | |a [Rezension von: Föllmer, Moritz, Die Verteidigung der bürgerlichen Nation] |c [rezensiert von] Manfred Hettling |
| 264 | 1 | |c 2004 | |
| 336 | |a Text |b txt |2 rdacontent | ||
| 337 | |a Computermedien |b c |2 rdamedia | ||
| 338 | |a Online-Ressource |b cr |2 rdacarrier | ||
| 655 | 7 | |a Rezension |0 (DE-588)4049712-4 |0 (DE-627)106186019 |0 (DE-576)209083166 |2 gnd-content | |
| 700 | 1 | |a Föllmer, Moritz |4 oth | |
| 773 | 0 | 8 | |i In |t Sehepunkte |d München : Ludwig-Maximilians-Univ., 2001 |g 4(2004), 3 |h Online-Ressource |w (DE-627)33678273X |w (DE-600)2062440-2 |w (DE-576)117978736 |x 1618-6168 |7 nnas |
| 773 | 1 | 8 | |g volume:4 |g year:2004 |g number:3 |
| 787 | 0 | 8 | |i Rezension von |a Föllmer, Moritz, 1971 - |t Die Verteidigung der bürgerlichen Nation |d Göttingen : Vandenhoeck & Ruprecht, 2002 |h 368 S |w (DE-627)351983392 |w (DE-576)099581248 |z 3525351682 |
| 856 | 4 | 0 | |u http://www.sehepunkte.historicum.net/2004/03/2865.html |x Verlag |y Volltext |3 Volltext |7 1 |
| 935 | |i vzg4007 | ||
| 951 | |a AR | ||
| 991 | |a Rezension (Monographie, Zeitschrift, Aufsatz) | ||
| 999 | |a KXP-PPN50073478X |e 4964279863 | ||


